Capitales mondiales par la proximité dans 30 secondes - Statistiques

Statistiques générales
  • Ce quiz a été pris 1 316 fois
  • Le résultat moyen est 43 sur 196
Réponses sur la Carte
Les réponses sont colorées sur une échelle allant du rouge au vert en fonction du pourcentage des utilisateurs qui les ont devinées à leur premier essai. Vous pouvez retrouver ces pourcentages ci-dessous.
 
Statistiques - réponses
Capital % Correct
Berne
98%
Luxembourg
98%
Vaduz
98%
Amsterdam
97%
Berlin
97%
Bruxelles
97%
Ljubljana
97%
Londres
97%
Paris
97%
Prague
97%
Saint-Marin
97%
Monaco
96%
Andorre-la-Vieille
95%
Dublin
90%
Budapest
64%
Vilnius
64%
Bratislava
63%
Riga
63%
Vienne
63%
Minsk
62%
Zagreb
61%
Rome
55%
Vatican
55%
Copenhague
53%
Alger
52%
Belgrade
52%
Podgorica
52%
Sarajevo
52%
Skopje
51%
Varsovie
51%
Sofia
50%
Tirana
50%
Pristina
49%
Kiev
47%
Helsinki
46%
Tallinn
46%
Madrid
45%
Rabat
45%
Bucarest
42%
Moscou
42%
Ottawa
39%
Washington
39%
La Valette
37%
Lisbonne
37%
Stockholm
37%
Tunis
37%
Chișinău
36%
Oslo
35%
Pékin
33%
Pyongyang
33%
Séoul
33%
Athènes
30%
Mexico
27%
Nicosie
27%
Ankara
26%
Brasilia
26%
Bissau
22%
Conakry
22%
Freetown
22%
Banjul
21%
Amman
20%
Beyrouth
20%
Damas
20%
Jérusalem
20%
Managua
20%
San José
20%
Belmopan
19%
Dakar
18%
Nouakchott
17%
Panama
17%
Praia
16%
Erevan
15%
Tokyo
15%
Yaoundé
15%
Bagdad
14%
Bogotá
14%
Brazzaville
14%
Guatemala
14%
Kinshasa
14%
Libreville
14%
San Salvador
14%
Tegucigalpa
14%
Yamoussoukro
14%
Buenos Aires
13%
Montevideo
13%
Abuja
12%
Kingston
12%
Nassau
12%
Ouagadougou
12%
Accra
11%
La Havane
11%
Le Caire
11%
Lomé
11%
Luanda
11%
Porto-Novo
11%
Sao Tomé
11%
Bamako
10%
Basseterre
10%
Bridgetown
10%
Caracas
10%
Castries
10%
Kingstown
10%
Koweït
10%
Niamey
10%
Port-d'Espagne
10%
Roseau
10%
Saint-Domingue
10%
Saint George's
10%
Saint John's
10%
Malabo
9%
Monrovia
9%
Bakou
8%
Gaborone
8%
Harare
8%
Islamabad
8%
Maputo
8%
Mbabane
8%
Pretoria
8%
Tbilissi
8%
Téhéran
8%
Tripoli
8%
Katmandou
7%
Manama
7%
Maseru
7%
New Delhi
7%
Port-au-Prince
7%
Quito
7%
Riyad
7%
Achgabat
6%
Georgetown
6%
Lima
6%
Abou Dabi
5%
Bangkok
5%
Canberra
5%
Dodoma
5%
Doha
5%
Jakarta
5%
Ndjamena
5%
Singapour
5%
Vientiane
5%
Bujumbura
4%
Djouba
4%
Hanoï
4%
Kampala
4%
Kigali
4%
Nairobi
4%
Phnom Penh
4%
Reykjavik
4%
Addis-Abeba
3%
Asmara
3%
Bangui
3%
Douchanbé
3%
Kaboul
3%
La Paz
3%
Mascate
3%
Naypyidaw
3%
Santiago
3%
Tachkent
3%
Djibouti
2%
Kuala Lumpur
2%
Lilongwe
2%
Manille
2%
Paramaribo
2%
Sanaa
2%
Wellington
2%
Astana
1%
Asunción
1%
Bichkek
1%
Dacca
1%
Dili
1%
Khartoum
1%
Lusaka
1%
Mogadiscio
1%
Oulan-Bator
1%
Thimphou
1%
Antananarivo
0%
Apia
0%
Bandar Seri Begawan
0%
Colombo
0%
Funafuti
0%
Honiara
0%
Majuro
0%
Malé
0%
Melekeok
0%
Moroni
0%
Nukuʻalofa
0%
Palikir
0%
Port-Louis
0%
Port Moresby
0%
Port-Vila
0%
Suva
0%
Taipei
0%
Tarawa
0%
Victoria
0%
Windhoek
0%
Yaren
0%
Aucun quiz correspondant
Distribution des résultats
% des personnes avec chaque résultat
Percentile par nombre de réponses
Votre historique - résultats
Vous n’avez pas pris ce quiz